| 000 | 00975nam a2200145 4500 | ||
|---|---|---|---|
| 008 | 708 IN59t | ||
| 020 | _a9758017252 | ||
| 082 |
_a708 _bIN59t |
||
| 100 |
_aHearne, Leeta (edición) _97102 |
||
| 245 |
_aIn tribute to David Boxer: _bTwenty years at The National Gallery of Jamaica 1975 - 1995 |
||
| 260 |
_aJamaica _bInstitute of Jamaica Publications _bNational Gallery of Jamaica _c1995 |
||
| 300 |
_a40 p. _bil. _c28 x 21,5 cm |
||
| 505 |
_tIntroduction _rAaron Matalon _tA tribute to David Boxer _rSusan Alexander _tFiction, personality and property: a jamaican colonial representation in miniature _rRosalie Smith-McCrea _tIntuitive lessons: on naming the primitive _rPetrine Archer-Straw _tThe search for the patron: an overview of the cuban and jamaican arenas _rIrina Leyva González, Lorraine Morgan, Nicholas Morris _tA concise guide to publications of jamaican art _rVeerle Poupeye-Rammelaere _tBibliography |
||
| 650 |
_xJamaica _xBoxer, David _xarte - biografía _97103 |
||
| 999 |
_c1813 _d1813 |
||